Central Library OPAC University of Rajshahi

The logic of social enquiry / (Record no. 33508)

MARC details
000 -LEADER
fixed length control field 00918nam a22002771 4500
001 - CONTROL NUMBER
control field 33508
003 - CONTROL NUMBER IDENTIFIER
rucl marc code BD-RjUL
005 - DATE AND TIME OF LATEST TRANSACTION
control field 20211209052024.0
008 - FIXED-LENGTH DATA ELEMENTS--GENERAL INFORMATION
fixed length control field 140508s1960 enk 001 0 eng d
035 ## - SYSTEM CONTROL NUMBER
System control number (BD-RjUL)33599
System control number (OCoLC)165795
040 ## - CATALOGING SOURCE
Original cataloging agency DLC
Transcribing agency ODaWU
Modifying agency OCoLC
-- Uk
-- DLC
-- BD-RjUL
Language of cataloging eng
041 ## - LANGUAGE CODE
Language code of text/sound track or separate title eng
082 00 - DEWEY DECIMAL CLASSIFICATION NUMBER
Classification number 300.18
Author mark and year GIL 1960
100 1# - MAIN ENTRY--PERSONAL NAME
Personal name Gibson, Quentin.
9 (RLIN) 101693
245 14 - TITLE STATEMENT
Title The logic of social enquiry /
Statement of responsibility, etc. Quentin Gibson
260 ## - PUBLICATION, DISTRIBUTION, ETC. (IMPRINT)
Place of publication, distribution, etc. London ;
Name of publisher, distributor, etc. Routledge & K. Paul;
Place of publication, distribution, etc. New York :
Name of publisher, distributor, etc. Humanities Press,
Date of publication, distribution, etc. 1960.
300 ## - PHYSICAL DESCRIPTION
Pagination 213 p. ;
Size 22 cm.
490 1# - SERIES STATEMENT
Series statement International library of sociology and social reconstruction
504 ## - BIBLIOGRAPHY, ETC. NOTE
Bibliography, etc Includes Index
650 #0 - SUBJECT ADDED ENTRY--TOPICAL TERM
Topical term or geographic name as entry element Social sciences
General subdivision Methodology.
9 (RLIN) 101694
830 #0 - SERIES ADDED ENTRY--UNIFORM TITLE
Uniform title International library of sociology and social reconstruction (Routledge & Kegan Paul)
942 ## - ADDED ENTRY ELEMENTS (KOHA)
Source of classification or shelving scheme Dewey Decimal Classification
Koha item type Books
Holdings
Lost status Source of classification or shelving scheme Damaged status Not for loan Collection code Permanent Location Current Location Shelving location Date acquired Source of acquisition Cost, normal purchase price Total Checkouts Full call number Date last seen Copy number Koha item type
  Dewey Decimal Classification   Not For Loan Non-fiction Central Library, University of Rajshahi Central Library, University of Rajshahi Reading Room 31/03/1965 Euro Pak 19.50   300.18 GIL 1960 08/05/2014 C-1 Books
  Dewey Decimal Classification     Non-fiction Central Library, University of Rajshahi Central Library, University of Rajshahi   24/06/1965 Euro pak 19.50   300.18 GIL 1960 11/05/2014 C-7 Books
  Dewey Decimal Classification     Non-fiction Central Library, University of Rajshahi Central Library, University of Rajshahi   09/08/1973 Mitali Pro. 255.00   300.18 GIL 1968 12/05/2014 C-9 Books
  Dewey Decimal Classification     Non-fiction Central Library, University of Rajshahi Central Library, University of Rajshahi   31/05/1965 Euro Park 19.50   300.18 GIL 1960 14/05/2014 C-2 Books
  Dewey Decimal Classification     Non-fiction Central Library, University of Rajshahi Central Library, University of Rajshahi   31/05/1965 Sweet + Zeitlinger 24.00   300.18 GIL 1966 15/05/2014 C-4 Books
  Dewey Decimal Classification     Non-fiction Central Library, University of Rajshahi Central Library, University of Rajshahi   31/05/1965 Sweet + Zeitlinger 24.00   300.18 GIL 1966 15/05/2014 C-6 Books
  Dewey Decimal Classification     Non-fiction Central Library, University of Rajshahi Central Library, University of Rajshahi   31/05/1965 Sweets & Zeitlinger 24.00   300.18 GIL 1966 21/05/2014 C-3 Books
  Dewey Decimal Classification     Non-fiction Central Library, University of Rajshahi Central Library, University of Rajshahi   16/01/1975 M.Obaidul Huq 0.00   300.18 GIL 1960 21/05/2014 C-5 Books
  Dewey Decimal Classification     Non-fiction Central Library, University of Rajshahi Central Library, University of Rajshahi   31/05/1965 Sweet & Zeitlinger 24.00   300.18 GIL 1966 24/06/2014 C-8 Books